Corporate information factory / (Record no. 10628)
[ view plain ]
| 000 -LEADER | |
|---|---|
| fixed length control field | 01637cam a22003854a 4500 |
| 090 ## - LOCALLY ASSIGNED LC-TYPE CALL NUMBER (OCLC); LOCAL CALL NUMBER (OCLC) | |
| -- | 0 |
| 001 - CONTROL NUMBER | |
| control field | 12195768 |
| 005 - DATE AND TIME OF LATEST TRANSACTION | |
| control field | 20040622190204.0 |
| 008 - FIXED-LENGTH DATA ELEMENTS--GENERAL INFORMATION | |
| fixed length control field | 001005s2001 nyua b 001 0 eng |
| 010 ## - LIBRARY OF CONGRESS CONTROL NUMBER | |
| LC control number | 00050452 |
| 020 ## - INTERNATIONAL STANDARD BOOK NUMBER | |
| International Standard Book Number | 0471399612 (cloth : alk. paper) |
| 040 ## - CATALOGING SOURCE | |
| Original cataloging agency | DLC |
| Transcribing agency | DLC |
| Modifying agency | DLC |
| 042 ## - AUTHENTICATION CODE | |
| Authentication code | pcc |
| 050 00 - LIBRARY OF CONGRESS CALL NUMBER | |
| Classification number | HF5548.2 |
| Item number | .I4264 2001 |
| 082 00 - DEWEY DECIMAL CLASSIFICATION NUMBER | |
| Classification number | 658.4038 |
| Edition number | 21 |
| Item number | INM |
| 100 1# - MAIN ENTRY--PERSONAL NAME | |
| Personal name | Inmon, William H. |
| 245 10 - TITLE STATEMENT | |
| Title | Corporate information factory / |
| Statement of responsibility, etc | W.H. Inmon, Claudia Imhoff, Ryan Sousa. |
| 250 ## - EDITION STATEMENT | |
| Edition statement | 2nd ed. |
| 260 ## - PUBLICATION, DISTRIBUTION, ETC. (IMPRINT) | |
| Place of publication, distribution, etc | New York : |
| Name of publisher, distributor, etc | John Wiley & Sons, |
| Date of publication, distribution, etc | c.2001. |
| 300 ## - PHYSICAL DESCRIPTION | |
| Extent | xviii, 382 p. : |
| Other physical details | ill. ; |
| Dimensions | 24 cm. |
| 500 ## - GENERAL NOTE | |
| General note | "Wiley Computer Publishing." |
| 504 ## - BIBLIOGRAPHY, ETC. NOTE | |
| Bibliography, etc | Includes bibliographical references (p. 365-376) and index. |
| 650 #0 - SUBJECT ADDED ENTRY--TOPICAL TERM | |
| Topical term or geographic name as entry element | Information storage and retrieval systems |
| General subdivision | Business. |
| 650 #0 - SUBJECT ADDED ENTRY--TOPICAL TERM | |
| Topical term or geographic name as entry element | Business |
| General subdivision | Data processing. |
| 650 #0 - SUBJECT ADDED ENTRY--TOPICAL TERM | |
| Topical term or geographic name as entry element | Database management. |
| 650 #0 - SUBJECT ADDED ENTRY--TOPICAL TERM | |
| Topical term or geographic name as entry element | Data warehousing. |
| 700 1# - ADDED ENTRY--PERSONAL NAME | |
| Personal name | Imhoff, Claudia. |
| 700 1# - ADDED ENTRY--PERSONAL NAME | |
| Personal name | Sousa, Ryan, |
| Dates associated with a name | 1964- |
| 856 42 - ELECTRONIC LOCATION AND ACCESS | |
| Materials specified | Contributor biographical information |
| Uniform Resource Identifier | <a href="http://www.loc.gov/catdir/bios/wiley046/00050452.html">http://www.loc.gov/catdir/bios/wiley046/00050452.html</a> |
| 856 42 - ELECTRONIC LOCATION AND ACCESS | |
| Materials specified | Publisher description |
| Uniform Resource Identifier | <a href="http://www.loc.gov/catdir/description/wiley0310/00050452.html">http://www.loc.gov/catdir/description/wiley0310/00050452.html</a> |
| 856 4# - ELECTRONIC LOCATION AND ACCESS | |
| Materials specified | Table of Contents |
| Uniform Resource Identifier | <a href="http://www.loc.gov/catdir/toc/onix06/00050452.html">http://www.loc.gov/catdir/toc/onix06/00050452.html</a> |
| 942 ## - ADDED ENTRY ELEMENTS (KOHA) | |
| Source of classification or shelving scheme | Dewey Decimal Classification |
| Item type | Book - Borrowing |
| Withdrawn status | Item status | Source of classification or shelving scheme | Damaged status | Not for loan | Vendor | Home library | Current library | Shelving location | Date acquired | Source of acquisition | Cost, normal purchase price | Serial Enumeration / chronology | Total Checkouts | Full call number | Barcode | Date last seen | Koha item type |
|---|---|---|---|---|---|---|---|---|---|---|---|---|---|---|---|---|---|
| Dewey Decimal Classification | Alahram | Central Library | Central Library | First floor | 03/02/2009 | 247.50 | 06396 | 658.4038 INM | 000014605 | 15/07/2025 | Book - Borrowing |